000
00316nam a2200133Ia 4500
100
_a
Verma/A.R/ Srivastava/O.N
942
_c
BK
654
_a
crystallography
245
_a
Crystallography for solid state physics
260
_b
John wiley
_a
NEWYORK
_c
1982
082
_a
548
_b
VER
300
_a
348
546
_a
ENGLISH
999
_c
31194
_d
31194